Trudny Quiz o Państwach Europy - Statystyki

Ogólne statystyki
  • Ten quiz został rozwiązany 40 razy
  • Średni wynik to 4 z 15
Statystyki odpowiedzi
ciekawostka kraj % Poprawnych
z tego państwa pochodzą skoki narciarskie Norwegia
65%
koszykarze z tego kraju mają na koncie 3 tytuły mistrzów Europy (pierwszy zdobyty w 1937 roku) Litwa
59%
średnia długość życia w tym kraju jest najdłuższa na świecie Monako
41%
z tego państwa pochodzi marka-sponsor Adama Małysza Austria
32%
ten kraj posiada 2 głowy państwa Andora
29%
największy akwen tego śródlądowego kraju nazywany jest "Morzem Błotnym" Węgry
29%
W kwietniu 2020 roku (podczas pierwszego ścisłego lockdownu) liga piłkarska w tym kraju jako jedyna w Europie rozgrywała mecze. Białoruś
24%
ten kraj powstał pierwotnie kilkaset kilometrów na północny wschód od obszaru, który obecnie zajmuje. Oryginalnie był on chanatem. Bułgaria
24%
stolica tego państwa wyludniła się o około jedną trzecią odkąd to państwo wróciło na mapę świata Łotwa.
18%
na terenie tego państwa znajduje się największa winna piwnica świata Mołdawia
18%
język ojczysty tego kraju został wyparty z większości jego terytorium w toku XIX wieku. Aktualnie jedynie 2% jego mieszkańców używa go jako języka ojczystego Irlandia
15%
godło tego kraju zostało zaczerpnięte od herbu jego stolicy, która zawdzięcza go państwu położonemu nad tym samym morzem, które niegdyś podbiło północną część tego wcześniej wspomnianego kraju Estonia
9%
hymn tego kraju został pierwotnie napisany w języku, którym jako ojczystym posługuje się 5,6% jego populacji Finlandia
9%
z terenu tego kraju pochodziła druga żona Władysława Jagiełły Słowenia
9%
Pasmo górskie położone w tym kraju cechuje się najwyższą średnią roczną sumą opadów atmosferycznych w Europie Czarnogóra
3%
Nie znaleziono quizów pasujących do podanych kryteriów
Rozkład punktacji
Procent ludzi z każdym wynikiem
Percentyl według liczby udzielonych odpowiedzi
Twoja historia wyników
Nie rozwiązałeś tego quizu